000 00545nam a22001937a 4500
003 OSt
005 20151111150544.0
008 151110b xxu||||| |||| 00| 0 eng d
020 _a9781405009737
040 _cDLMN.
082 _aWY 157.3 H951n 2006
100 _aHusband, Sally;Hamilton-Brown;Barber ,Gillian;
_96061
245 _aNursing and Midwifery:
_bA practical approach;
260 _aUK
_bMACMILLAN
_c2006
300 _axii,411p;
_bill;
_c32cm.
504 _aincludes index.
651 _aNursing Practice.
_96062
942 _2ddc
_cSLOAN
999 _c2488
_d2488